Analytical and computational methods of advanced engineering mathematics (Record no. 7380)

000 -LEADER
fixed length control field 00803 a2200205 4500
020 ## - INTERNATIONAL STANDARD BOOK NUMBER
International Standard Book Number 0387982655
040 ## - CATALOGING SOURCE
Original cataloging agency DLC
Language of cataloging DLC
082 00 - DEWEY DECIMAL CLASSIFICATION NUMBER
Classification number 510.2462
100 1# - MAIN ENTRY--PERSONAL NAME
Personal name Gustafson, Grant B.
245 10 - TITLE STATEMENT
Title Analytical and computational methods of advanced engineering mathematics
Remainder of title Grant B. Gustafson, Calvin H. Wilcox.
246 18 - VARYING FORM OF TITLE
Title proper/short title Advanced engineering mathematics
260 ## - PUBLICATION, DISTRIBUTION, ETC.
Place of publication, distribution, etc. New York :
Name of publisher, distributor, etc. Springer,
Date of publication, distribution, etc. c1998.
300 ## - PHYSICAL DESCRIPTION
Extent xxii, 729 p. :
Other physical details ill. ;
Dimensions 24 cm.
440 #0 - SERIES STATEMENT/ADDED ENTRY--TITLE
Title Texts in applied mathematics ;
Volume/sequential designation 28
650 #0 - SUBJECT ADDED ENTRY--TOPICAL TERM
Topical term or geographic name entry element Engineering mathematics.
700 1# - ADDED ENTRY--PERSONAL NAME
Personal name Wilcox, Calvin H.
856 42 - ELECTRONIC LOCATION AND ACCESS
Materials specified Publisher description
Uniform Resource Identifier <a href="http://www.loc.gov/catdir/enhancements/fy0817/97049494-d.html">http://www.loc.gov/catdir/enhancements/fy0817/97049494-d.html</a>
856 42 - ELECTRONIC LOCATION AND ACCESS
Materials specified Table of contents only
Uniform Resource Identifier <a href="http://www.loc.gov/catdir/enhancements/fy0817/97049494-t.html">http://www.loc.gov/catdir/enhancements/fy0817/97049494-t.html</a>
942 ## - ADDED ENTRY ELEMENTS (KOHA)
Koha item type Book
Call number prefix 510.2462 GUS
Source of classification or shelving scheme
Holdings
Withdrawn status Lost status Damaged status Not for loan Collection code Permanent Location Current Location Shelving location Date acquired Source of acquisition Cost, normal purchase price Total Checkouts Total Renewals Full call number Barcode Date last seen Date last checked out Price effective from Koha item type
          Central Library (CL) Central Library (CL) General Stacks 06/07/2005 New Public Book 1050.79 3 1 510.2462 GUS SEECS005879 01/29/2019 01/27/2019 01/05/2017 Book
          Central Library (CL) Central Library (CL) General Stacks 03/09/2004 Allied Book Company 1014.99 1   510.2462 GUS SEECS004218 01/29/2019 01/27/2019 01/05/2017 Book
© 2023 Central Library, National University of Sciences and Technology. All Rights Reserved.